Sam Hunt Charting Songs (Billboard Hot Country) - Statistics

General Stats
  • This quiz has been taken 13 times
    10 since last reset
  • The average score is 13 of 23
Answer Stats
Album Weeks On Peak Artist(s) Song % Correct
Montevallo 42 Weeks #1 (11 Weeks) Sam Hunt Take Your Time
100%
Montevallo 39 Weeks #2 Sam Hunt Make You Miss Me
83%
Southside 52 Weeks #1 (34 Weeks) Sam Hunt Body Like a Back Road
67%
Montevallo 47 Weeks #2 Sam Hunt Break Up in a Small Town
67%
Southside 27 Weeks #3 Sam Hunt Hard to Forget
67%
Southside 27 Weeks #3 Sam Hunt Kinfolks
67%
Non-Album Single 12 Weeks #35 Sam Hunt Outskirts
67%
Montevallo 3 Weeks #49 Sam Hunt Raised On It
67%
Southside 2 Weeks #25 Sam Hunt 2016
50%
Non-Album Single 29 Weeks #10 Sam Hunt 23
50%
Southside 34 Weeks #4 Sam Hunt Breaking Up Was Easy in the 90's
50%
Southside 15 Weeks #14 Sam Hunt Downtown's Dead
50%
Southside 6 Weeks #16 Sam Hunt Drinkin' Too Much
50%
Montevallo 21 Weeks #37 Sam Hunt Ex to See
50%
Montevallo 42 Weeks #1 (6 Weeks) Sam Hunt House Party
50%
Montevallo 28 Weeks #1 (1 Week) Sam Hunt Leave the Night On
50%
Southside 4 Weeks #27 Sam Hunt Sinning With You
50%
Southside 1 Week #50 Sam Hunt That Ain't Beautiful
50%
Non-Album Single 27 Weeks #27 Sam Hunt Water Under the Bridge
50%
Good Person 59 Weeks #11 Ingrid Andress with Sam Hunt Wishful Drinking
50%
Southside 1 Week #34 Sam Hunt Young Once
50%
Between the Pines 1 Week #42 Sam Hunt Come Over
33%
Montevallo 20 Weeks #40 Sam Hunt Speakers
33%
No matching quizzes found
Score Distribution
Percent of People with Each Score
Percentile by Number Answered
Your Score History
You have not taken this quiz since the last reset